Inorganic Reaction Mechanisms/ (Record no. 10689)

MARC details
000 -LEADER
fixed length control field 00488nam a22001577a 4500
008 - FIXED-LENGTH DATA ELEMENTS--GENERAL INFORMATION
fixed length control field 090204t xxu||||| |||| 00| 0 eng d
020 ## - INTERNATIONAL STANDARD BOOK NUMBER
International Standard Book Number 8183562264
082 ## - DEWEY DECIMAL CLASSIFICATION NUMBER
Edition number 22
Classification number 541.39
Item number SHA
245 ## - TITLE STATEMENT
Title Inorganic Reaction Mechanisms/
Statement of responsibility, etc R. K. Sharma
260 ## -
-- New Delhi:
-- Discovery publishing house,
-- 2007
300 ## - PHYSICAL DESCRIPTION
Extent 309 p.:
Other physical details ill.;
Dimensions 22 cm.
336 ## - CONTENT TYPE
Source rdacontent
Content type term text
Content type code txt
337 ## - MEDIA TYPE
Media type term unmediated
Source rdamedia
Media type code n
338 ## - CARRIER TYPE
Carrier type term volume
Carrier type code nc
Source rdacarrier
942 ## - ADDED ENTRY ELEMENTS (KOHA)
Source of classification or shelving scheme Dewey Decimal Classification
Koha item type Book - Borrowing
Classification part RDA-MOD
Holdings
Withdrawn status Lost status Source of classification or shelving scheme Materials specified (bound volume or other part) Damaged status Not for loan Collection code Home library Current library Shelving location Date acquired Source of acquisition Cost, normal purchase price Serial Enumeration / chronology Total Checkouts Full call number Barcode Date last seen Date checked out Koha item type
    Dewey Decimal Classification     Alahram Central Library Central Library First floor 04/02/2009 Purchase 184.00 6454 1 541.39 SHA 000014437 15/07/2025 04/02/2019 Book - Borrowing